000 00322nam a2200109Ia 4500
008 230907s9999||||xx |||||||||||||| ||und||
082 _a621.199
_bSMA
245 0 _aSmall and micro combined heat and power (CHP) systems :
260 _aWoodhead Publishing,
_bOxford : , New Delhi :
_c2011
300 _a560 p. ;
942 _cBK
999 _c598706
_d598706